Les membres d'équipage du Ghost dans Star Wars Rebels - Statistiques

Statistiques générales
  • Ce quiz a été pris 29 fois
  • Le résultat moyen est 6 sur 7
Statistiques - réponses
Nom de code Membres d'équipage du Ghost % Correct
Spectre 6 Ezra Bridger
100%
Spectre 3 Chopper
96%
Spectre 5 Sabine Wren
92%
Spectre 1 Kanan Jarrus
88%
Spectre 2 Hera Syndulla
85%
Spectre 4 Garazed Orrelios
62%
Spectre 7 Jacen Syndulla
35%
Aucun quiz correspondant
Distribution des résultats
% des personnes avec chaque résultat
Percentile par nombre de réponses
Votre historique - résultats
Vous n’avez pas pris ce quiz